| 000 -LEADER |
| fixed length control field |
02258cam a22004574a 4500 |
| 001 - CONTROL NUMBER |
| control field |
15590274 |
| 005 - DATE AND TIME OF LATEST TRANSACTION |
| control field |
20200224174516.0 |
| 008 - FIXED-LENGTH DATA ELEMENTS--GENERAL INFORMATION |
| fixed length control field |
090116s2009 caua 001 0 eng |
| 010 ## - LIBRARY OF CONGRESS CONTROL NUMBER |
| LC control number |
2009368425 |
| 020 ## - INTERNATIONAL STANDARD BOOK NUMBER |
| International Standard Book Number |
9780321542458 (student ed.) |
| 020 ## - INTERNATIONAL STANDARD BOOK NUMBER |
| International Standard Book Number |
0321542452 (student ed.) |
| 020 ## - INTERNATIONAL STANDARD BOOK NUMBER |
| International Standard Book Number |
9780321550637 (professional copy) |
| 020 ## - INTERNATIONAL STANDARD BOOK NUMBER |
| International Standard Book Number |
0321550633 (professional copy) |
| 040 ## - CATALOGING SOURCE |
| Original cataloging agency |
DLC |
| Transcribing agency |
DLC |
| Modifying agency |
DLC |
| 041 ## - LANGUAGE CODE |
| Language code of text/sound track or separate title |
eng |
| 042 ## - AUTHENTICATION CODE |
| Authentication code |
pcc |
| 050 00 - LIBRARY OF CONGRESS CALL NUMBER |
| Classification number |
QP44 |
| Item number |
.M34 2009b |
| 080 ## - UNIVERSAL DECIMAL CLASSIFICATION NUMBER |
| Universal Decimal Classification number |
611 M-29 |
| 082 00 - DEWEY DECIMAL CLASSIFICATION NUMBER |
| Classification number |
612.0078 |
| Edition number |
22 |
| 100 1# - MAIN ENTRY--PERSONAL NAME |
| Personal name |
Marieb, Elaine Nicpon, |
| Dates associated with a name |
1936- |
| 9 (RLIN) |
7403 |
| 245 10 - TITLE STATEMENT |
| Title |
Human anatomy & physiology laboratory manual / |
| Statement of responsibility, etc. |
Elaine N. Marieb, Susan J. Mitchell ; PhysioEx version 8.0 authored by Peter Z. Zao ... [et al.]. |
| 246 3# - VARYING FORM OF TITLE |
| Title proper/short title |
Human anatomy and physiology laboratory manual |
| 250 ## - EDITION STATEMENT |
| Edition statement |
9th ed. update (cat version) |
| 264 ## - PRODUCTION, PUBLICATION, DISTRIBUTION, MANUFACTURE, AND COPYRIGHT NOTICE |
| Place of production, publication, distribution, manufacture |
San Francisco : |
| Name of producer, publisher, distributor, manufacturer |
Benjamin Cummings, |
| Date of production, publication, distribution, manufacture, or copyright notice |
c2009. |
| 300 ## - PHYSICAL DESCRIPTION |
| Extent |
1 v. (various pagings) : |
| Other physical details |
ill. (chiefly col.) ; |
| Dimensions |
28 cm. + |
| Accompanying material |
1 CD-ROM (4 3/4 in.) |
| 500 ## - GENERAL NOTE |
| General note |
Includes index. |
| 538 ## - SYSTEM DETAILS NOTE |
| System details note |
Minimum system requirements: Windows 98 or higher (266 MHz Intel Pentium processor or greater); Mac OS 9.2 or higher (266 MHz minimum CPU); 64 MB RAM (128 MB recommended); 800x 600 screen resolution; millions of colors; Macromedia Flash 6 plug-in (installer is included on CD); Netscape Navigator 4.7, 6.2 or higher (installer is included on CD), Internet Explorer 5.0+ 4x CD-ROM drive drive; Printer. *Use of Netscape 6.0 is not recommended due to know compatibility issues between Netscape 6.0 and the Flash plug-in. |
| 650 #0 - SUBJECT ADDED ENTRY--TOPICAL TERM |
| Topical term or geographic name entry element |
Human physiology |
| Form subdivision |
Laboratory manuals. |
| 9 (RLIN) |
7396 |
| 650 #0 - SUBJECT ADDED ENTRY--TOPICAL TERM |
| Topical term or geographic name entry element |
Human anatomy |
| Form subdivision |
Laboratory manuals. |
| 9 (RLIN) |
7395 |
| 650 #0 - SUBJECT ADDED ENTRY--TOPICAL TERM |
| Topical term or geographic name entry element |
Cats |
| General subdivision |
Dissection |
| Form subdivision |
Laboratory manuals. |
| 9 (RLIN) |
7404 |
| 653 ## - INDEX TERM--UNCONTROLLED |
| keyword |
ანატომია |
| 653 ## - INDEX TERM--UNCONTROLLED |
| keyword |
ფიზიოლოგია |
| 653 ## - INDEX TERM--UNCONTROLLED |
| keyword |
მედიცინა |
| 700 1# - ADDED ENTRY--PERSONAL NAME |
| Personal name |
Kollett, Linda S. |
| Relator term |
ავტორი |
| 9 (RLIN) |
7405 |
| 700 1# - ADDED ENTRY--PERSONAL NAME |
| Personal name |
Mitchell, Susan J. |
| Relator term |
ავტორი |
| 9 (RLIN) |
7406 |
| 700 1# - ADDED ENTRY--PERSONAL NAME |
| Personal name |
Zao, Peter Z. |
| Title of a work |
PhysioEx 4.0. |
| Relator term |
ავტორი |
| 9 (RLIN) |
7407 |
| 740 02 - ADDED ENTRY--UNCONTROLLED RELATED/ANALYTICAL TITLE |
| Uncontrolled related/analytical title |
PhysioEx 4.0. |
| 906 ## - LOCAL DATA ELEMENT F, LDF (RLIN) |
| a |
7 |
| b |
cbc |
| c |
origcop |
| d |
3 |
| e |
ncip |
| f |
20 |
| g |
y-gencatlg |
| 942 ## - ADDED ENTRY ELEMENTS (KOHA) |
| Source of classification or shelving scheme |
|
| Koha item type |
წიგნი |